000 00572nam a22002177a 4500
008 170208s2011 gt||||| |||| 00| 0 spa d
020 _a9789929401570
082 0 4 _a861
_bS712h
100 1 _aHurtarte, Luis.
_95631
245 1 0 _aHombre pez /
_cLuis Hurtarte ; uip.
246 2 1 _aMann fisch.
250 _a1a ed.
260 _aGuatemala :
_bS.o.P.a.,
_c2011.
300 1 _a79 p.
653 1 0 _aLiteratura
653 1 0 _aPoesía - Arte
653 1 0 _aPoesía - Guatemala
653 1 0 _aLiteratura Latinoamericana
653 1 0 _aPoesía - Alemán
710 1 _auip.
_95632
999 _c1142
_d1142